[Event "World-ch Tournament"]
[Site "Mexico City"]
[Date "2007.09.15"]
[Round "3"]
[White "Leko, Peter"]
[Black "Gelfand, Boris"]
[Result "1/2-1/2"]
[WhiteElo "2751"]
[BlackElo "2733"]
[Annotator "Marin,M"]
[PlyCount "200"]
[EventDate "2007.09.13"]
[EventType "tourn"]
[EventRounds "14"]
[EventCountry "MEX"]
[EventCategory "21"]
[SourceTitle "CBM 120"]
[Source "ChessBase"]
[SourceDate "2007.10.02"]
[SourceVersion "1"]
[SourceVersionDate "2007.10.02"]
[SourceQuality "1"]

1. e4 e5 2. Nf3 Nf6 3. Nxe5 d6 4. Nf3 Nxe4 5. Nc3 Nxc3 6. dxc3 Be7 7. Be3 Nd7
8. Qd2 Ne5 9. O-O-O O-O 10. h3 ({A very rare move. We are familiar with Una
jugada raramente empleada. Estamos familiares con} 10. h4 {from the game Anand
- Gelfand, played just two days earlier. de la partida Anand-Gelfand,
disputada dos días antes.}) 10... Nxf3 {Sure, why not? White's previous move
did not do anything for attacking purposes, practically giving up a tempo for
free in the structure arising after this exchange.} ({We can only try to guess
what Leko had in mind against the natural developing move} 10... Be6 {Levacic,
M (1993)-Xu,R (2079)/Instanbul 2005/CBM 109 ext (1/2-1/2, 22). , which was
played only in a girls' game.} 11. Nd4 {looks like a decent try. It depends
whether the endgame arising after the generally desirable knight jump} Nc4 {
offers White any chances or not:} 12. Nxe6 Nxd2 13. Nxd8 Nxf1 14. Nc6 (14. Nxb7
$6 Nxe3 15. fxe3 Bg5 16. Rhe1 Rfe8 17. Rd3 a5 {and White will have to give up
his e3-pawn in order to save his knight.}) 14... bxc6 15. Rhxf1 {. Black's
queenside weaknesses could cause him some problems in the long run.}) 11. gxf3
Bf5 12. h4 Re8 (12... Bxh4 $6 {would offer White too many attacking chances
after} 13. Bd3 {followed by doubling rooks on the h-file.}) 13. h5 Bf6 {
Optically speaking, White's position does not look too appealing. He has
several structural defects, while Black has a normal development. However, one
of the first (if not the very first) criteria of evaluating a position is the
situation of the kings. White's pressure along the g-file could become
unpleasant for the black king, meaning that Black has to overcome certain
difficulties before entering a long-dreamed of better ending. Desde un punto
de vista puramente óptico, la posición de las blancas no parece muy atractiva.
Ellas tienen varios defectos de estructura, mientras que el desarrollo de las
negras es completamente "normal". Sin embargo, uno de los más importantes (si
no el mas importante) criterio de evaluación de luna posición es la situación
de los reyes. La presión de las figuras mayores de las blancas a lo largo de
la columna de g puede resultar muy amenazadora para el rey negro, por lo que
se puede esperar que las negras pasen por muchos apuros antes de llegar al
soñado final mejor.} 14. Rg1 Qe7 15. Kb1 d5 {Gelfand highlights the fact that
White has not completed his development yet. This pawn is poisoned because
after 16.Qxd5? Rad8 the lack of connection between rooks leads White to
decisive material losses.} 16. Bd3 Bxd3 17. Qxd3 Rad8 18. Rg4 Kh8 19. a3 b6 20.
Rdg1 h6 21. Qd2 {[%cal Ye3h6] Both sides have completed the first phase of
mobilisation. With a series of simple threats in one move, White will take
over the initiative.} Kh7 22. Bd4 {[%cal Yg4g7]} Rg8 $8 (22... Bxd4 $2 23. Qxd4
f6 24. Qd3+ Kh8 25. Rxg7 Qxg7 26. Rxg7 Kxg7 27. Qg6+ Kf8 28. Qxf6+ Kg8 29. Qg6+
Kf8 30. Qxh6+ Ke7 31. Qg5+ Kd6 32. h6 {White plans to advance his pawns to h7
and f7, place his queen on g8 and approach with his king. Most probably, Black
cannot prevent this plan in proper way.}) 23. Re1 Qd6 24. Bxf6 gxf6 ({Forced,
because Forzado,porque} 24... Qxf6 {loses the f7-pawn to perdería el peón de
f7 después de} 25. Rf4 {, for instance , por ejemplo} Qg5 26. Qd3+ Kh8 27. Rf5
Qh4 28. Rxf7 {with advantage to White. . After the text move, we can conclude
that White has converted his long-term pressure into something of more stable
nature, by chronically weakening Black's kingside. Besides, the pressure
persists. con ventaja de las blancas. Después de la jugada del texto, se puede
decir que las blancas han convertido su presión a largo termini en algo más
concreto: los defectos crónicos de la posición del rey negro. Además la
presión persiste todavía.}) 25. Qd3+ Kh8 26. Qa6 {The idea behind this move is
obvious: since Black is busy on the kingside still, White hopes to win the
a7-pawn. However, Gelfand will manage to parry the threat with relative ease,
while the white queen's excursion far from the centre lets a good part of
White's advantage slip away.} ({He could have used the favourable moment to
transpose to a promissing rook endgame with} 26. Rxg8+ Kxg8 (26... Rxg8 27. Qe3
Kg7 28. Qe7 {is similar.}) 27. Qe3 Kg7 28. Qe7 {The abstract idea is the same
as in the case of Leko's Qa6: White takes advantage of the lack of
coordination reigning in Black's camp and his kingside vulnerability in order
to open a new front in another area, but it all happens in the neighbourhood
of the centre this time.} Qxe7 {I do not see favourable ways to avoid this
exchange. The threat Rg1 was very strong.} 29. Rxe7 Rc8 (29... c6 30. Rxa7 {
[%cal Ya7a6,Ra3a4]} b5 31. Kc1 $16 {[%csl Re1,Re2,Re3][%cal Yc1d2]}) 30. Kc1 $1
(30. Rd7 a5 31. Rxd5 Re8 $1 $132) 30... a5 31. Kd2 f5 32. Rd7 c6 33. Rd6 Rc7
34. Kd3 $16) 26... Rxg4 27. fxg4 {Ironically, it is White who has the better
structure on the kingside now. However, the black king starts feeling slightly
more secure. Ironicamente, ahora son las blancas quienes tienen la mejor
estructura en el flanco de rey. Sin embargo, el rey de las negras empieza
sentirse algo menos inseguro.} Qc6 28. Re7 ({After} 28. Qxa7 $2 Ra8 {the queen
is trapped.}) 28... Qd6 29. Re3 ({And, symmetrically,} 29. Rxf7 Kg8 {traps the
rook!}) 29... Qc6 30. Qd3 Kg7 31. Re7 {[%csl Gf7][%cal Yd3g6] Finally, White
has regrouped, abandoning his initial "plan", but after exchanging one pair of
rooks Black is better organzied for defence. Still, he has to be careful about
such spectacular threats as Qg6.} Kf8 32. Re1 Kg7 33. f4 Qd6 34. Qf3 $6 {
Another uninspired queen move.} (34. Qd2 $1 {would have defended the f4-pawn
and supported the programmed g5. Black would have been far from complete
equality yet:} d4 35. g5 d3 (35... dxc3 36. Qxc3 $40) 36. gxh6+ Kxh6 (36... Kh7
37. Rd1 $1 dxc2+ $2 38. Qxc2+ $1 $18) 37. f5+ Kh7 38. cxd3 Qxd3+ 39. Qxd3 Rxd3
40. Re7 Rd6 $1 41. Rxf7+ Kh6 42. Rxc7 a5 $14 {[%csl Gf5][%cal Yh6h5,Yh5g5] and
this endgame should be survivable.}) 34... c5 {Facing the permanent threat of
g5, Black decides to react in the centre. Confrontandose con la permanente
amenaza g5, las negras deciden reaccionar en el centro.} 35. Qf2 d4 $1 36. Rd1
Qe6 37. Re1 Qd5 38. Rd1 Qe6 39. Qg1 $6 {From here, the queen supports the
planned break g5 and keeps the d4-pawn under pressure. However, placing such
an important piece far from the centre hardly offers chances for an advantage.
Desde aquí, la dama apoya la ruptura lanificada g5, manteniendo el peón de d4
bajo observación al mismo tiempo. Sin embargo, al colocar una figura tan
importante lejos del centro, no se puede contar con mantener la ventaja.} Qe4 {
Gelfand's major pieces are familiar with this square from his game against
Anand. I assume that this time he would not refrain from grabbing the f4-pawn,
if only given a chance. Las figuras mayors de Gelfand están familiares con
esta casilla desde su partida de la primera ronda contra Anand. Supongo que en
este caso el se comería el peón de f4, si le ofrecieran la oportunidad...} 40.
g5 fxg5 41. fxg5 d3 42. cxd3 Rxd3 43. Rxd3 Qxd3+ 44. Ka1 Qf5 {Suddenly, the
situation has changed very much in Black's favour. Both his remaining pieces 
(yes, the king IS a piece in the endgame) are more active than White's. Soon,
Black will get a dangerous kingside passed pawn. De repente, la situación ha
cambiado a favor de las negras. Ambas figuras que les quedan (si, el rey ES
una figura en el final) son más activas que las de las blancas. Pronto, las
negras obtendrán un peón pasado en el flanco de rey.} 45. g6 fxg6 46. hxg6 h5
47. Qg3 Qf1+ 48. Ka2 Qc4+ 49. Ka1 Qf1+ 50. Ka2 Qc4+ 51. Ka1 Qg4 52. Qc7+ Kxg6
53. Qxa7 Qd1+ 54. Ka2 Qd5+ 55. Ka1 Qd1+ 56. Ka2 Qd6 57. Qa8 Qe6+ 58. Ka1 Qe1+
59. Ka2 Qe6+ 60. Ka1 h4 61. Qg2+ Kh5 62. Qf3+ Kg5 63. Qg2+ Kh5 64. Qf3+ Kg5 65.
Qg2+ Qg4 66. Qd2+ Kf5 67. Qd5+ Kf4 68. Qd6+ Kf3 69. Qf6+ Kg2 70. Qc6+ Qf3 71.
Qg6+ Kf1 72. Qxb6 {In queen endings, the number of pawns is less relevant than
the degree of danger they are posing. Obviously, the h3-pawn is a very serious
candidate to promotion, but the part played by White's queenside pawns should
not be underestimated. Without them, Black would probably find a way to parry
the checks with a counter-check, or by pinning the enemy queen. En finales de
damas, el número de peones es menos importante que el peligro que representan.
Obviamente, el peón de h3 es muy peligroso, pero el papel desempeñado por los
peones blancos del flanco de dama no debe ser menosvalorado. Sin ellos, es
probable que las negras conseguírían encontrar una forma de cubrir los jaques
enemigos con un contra-jaque o clavando la dama enemiga.} h3 73. Qd6 Qf2 74.
Qd3+ Kg2 75. Qd5+ Kg1 76. Ka2 Qf4 77. Qxc5+ {For instance, in the absence of
the b2-pawn, ...Qf2+ would win now. Por ejemplo, en la ausencía del peón de b2,
Df2+ ganaría en esta posición.} Kf1 78. Qb5+ Ke1 79. Qd5 h2 80. c4 Qh4 81. Qe5+
Kd1 82. Qd5+ Ke2 83. Qe5+ Kd1 84. Qd5+ Kc1 85. Qh1+ Kd2 86. Qd5+ Ke3 87. Qe5+
Kf3 88. Qf5+ Qf4 89. Qd3+ Kf2 90. Qd5 Kg1 91. Qg8+ Kf2 92. Qd5 Qf3 93. Qd2+ Kg1
94. Qg5+ Kf1 95. Qc1+ Kf2 96. Qd2+ Kg3 97. Qg5+ Kh3 98. Qh6+ Kg3 99. Qg5+ Qg4
100. Qd5 Qf3 {and, having reached the 100th move, Gelfand decided to call it a
day. y, al haber alcanzado la 100-a jugada, Gelfand se conformó con lo
inevitable.} 1/2-1/2

[Event "Morelia/Linares 24th"]
[Site "Morelia/Linares"]
[Date "2007.03.03"]
[Round "9"]
[White "Svidler, Peter"]
[Black "Anand, Viswanathan"]
[Result "1/2-1/2"]
[WhiteElo "2728"]
[BlackElo "2779"]
[Annotator "Marin,M"]
[PlyCount "81"]
[EventDate "2007.02.17"]
[EventType "tourn"]
[EventRounds "14"]
[EventCountry "ESP"]
[EventCategory "20"]
[SourceTitle "CBM 117"]
[Source "ChessBase"]
[SourceDate "2007.03.30"]
[SourceVersion "1"]
[SourceVersionDate "2007.03.30"]
[SourceQuality "1"]

1. e4 e5 2. Nf3 Nf6 3. Nxe5 d6 4. Nf3 Nxe4 5. d4 d5 6. Bd3 Nc6 7. O-O Be7 8. c4
Nb4 9. Be2 O-O 10. a3 Nc6 11. cxd5 Qxd5 12. Nc3 Nxc3 13. bxc3 Bf5 14. Re1 Rfe8
15. Bf4 Rac8 16. h3 $5 {This move has a relatively short history (it was
introduced in 2003 by Kramnik against Anand), but has been submitted to a
thorough investigation over the past few years. White makes a generally useful
move, inviting Black to define his intentions.} Be4 17. Qa4 {A rare
continuation, successfully employed by Grischuk (true, in rapid games).} Qf5
18. Bg3 Bc2 ({After} 18... Bd6 19. Ne5 Bxe5 20. Bg4 Qg6 21. dxe5 Bf5 22. Bf3 {
White exerted unpleasant pressure over Black's position in Grischuk-Nielsen,
Monte Carlo 2006.}) 19. Qb5 Qxb5 20. Bxb5 a6 21. Bxc6 bxc6 22. Re5 ({A new
move. Grischuk preferred} 22. Ra2 {when after} Ba4 23. c4 Bb3 24. Rae2 Kf8 25.
c5 {Black found it very difficult to free himself from the pin along the
e-file in Grischuk-Volokitin, Foros 2006.}) 22... f6 23. Ra5 {With only rooks
on board, this manoeuvre would ensure White considerable advantage. However,
in the presence of minor pieces, the rook could easily remain misplaced on a5.}
Bd3 24. Ne1 Bb5 25. a4 Be2 26. Nc2 c5 {Black decides to solve the problem of
his double pawns in radical way.} 27. dxc5 Kf7 28. c6 {Preventing the complete
isolation of the rook on a5 after an eventual ...c6, but the extra-pawn
becomes vulnerable now.} Red8 29. Ne3 Rd2 30. Rb1 Bd6 31. Bxd6 Rxd6 32. Nf5
Rxc6 {Black has successfully solved hisproblems. The position is about equal.}
33. Nd4 Rb6 34. Re1 Bd3 35. Rc5 Rd6 36. Re3 Bb1 37. Nc6 Re8 38. Nd4 Rc8 39. Re2
Bd3 40. Re1 Rd7 41. f3 1/2-1/2

[Event "Chess Champions League"]
[Site "Vitoria Gasteiz"]
[Date "2007.11.06"]
[Round "4"]
[White "Topalov, Veselin"]
[Black "Polgar, Judit"]
[Result "0-1"]
[WhiteElo "2769"]
[BlackElo "2708"]
[Annotator "Marin,M"]
[PlyCount "68"]
[EventDate "2007.11.02"]
[EventType "tourn"]
[EventRounds "10"]
[EventCountry "ESP"]
[EventCategory "19"]
[SourceTitle "CBM 121"]
[Source "ChessBase"]
[SourceDate "2007.11.14"]
[SourceVersion "1"]
[SourceVersionDate "2007.11.14"]
[SourceQuality "1"]

1. e4 e5 2. Nf3 Nf6 3. Nxe5 d6 4. Nf3 Nxe4 5. d4 d5 6. Bd3 Nc6 7. O-O Be7 8.
Nc3 Bf5 9. Re1 Nxc3 10. bxc3 Bxd3 11. Qxd3 O-O {For general ideas of this
variation as well as for a small survey see the notes to Cheparinov,I (2670)
-Roiz,M (2630)/Kemer 2007/CBM 121/[Marin] (1-0, 58)} 12. Rb1 Rb8 13. c4 $146 {
Since both Topalov and his second, Cheparinov, play this line with White, the
last move must be the fruit of their home analysis. The insertion of the moves
Rb1 and ...Rb8 is supposed to favour White, because after the opening of the
centre Black's rook would belong to the central d-file, while the white rook
could still be useful on the b-file.} (13. Qf5 {Gashimov,V (2664)-Dominguez
Perez,L (2683)/Barcelona 2007 (1/2-1/2, 35) is also examined in the notes to
the aforementioned game.}) 13... Bf6 {Before releasing the tension, Black
increases the pressure against the enemy centre. However, opening the e-file
and leaving the a3-f8 diagonal undefended before having completed development
is not without drawbacks as we shall see.} ({One of the differences induced by
the rook moves is that after} 13... dxc4 14. Qxc4 Bd6 {(as played with the
queen rooks on their initial positions)} 15. d5 {the b4-square is not
available (...Nb4 would threaten ...Nxd5!, winning time), while} Na5 $6 {
would be bad because of} 16. Qa4 b6 17. Bd2 $16 {Black has to retreat with his
knight to e7, thus allowing White to look for ways to develop his initiative
in the centre.}) 14. c3 ({Topalov probably considered that White's initiative
after} 14. Ba3 dxc4 15. Qxc4 Re8 {is of a temporary nature. Indeed, having
been developed with gain of time, the a3-bishop might remain out of play. In
the game, it will be developed to f4, keeping the backward c7-pawn under
constant pressure.}) 14... dxc4 {It seems that Black has to release the
tension in the centre already, since the generally useful moves do not work
out properly here. However, by this time it is not entirely clear whether this
really is a concession, because the queen is not especialy well placed on c4,
being exposed to the attack of the enemy knight with ...Na5.} (14... b6 {
[%csl Gc6] leaves the knight undefended, restricting Black's possibilities
after} 15. Ba3 {to} dxc4 16. Qxc4 Na5 17. Qa4 Re8 {, when White can maintain
stable domination with} 18. Bb4 Rxe1+ 19. Rxe1 Nc4 20. Qc6 Nd6 21. a4 $14) (
14... Na5 {loses material to} 15. Ba3 dxc4 16. Qf5 $1 $16 {[%csl Ga5,Gf8]}) 15.
Qxc4 Qd7 16. Bf4 {The pressure against the c7-pawn is aimed to contribute to
the queen's stability on c4.} Rbd8 17. h3 b6 18. Re4 {[%cal Gb1e1]} Na5 $5 {
White threatened to increase his pressure gradually and Black decided that
this was the right moment to free herself by tactical means.} ({The
preliminary exchange of one pair of rooks with} 18... Rfe8 19. Rbe1 Rxe4 20.
Rxe4 {before playing} Na5 {would leave the enemy queen more freedom of action
than in the game:} 21. Qxc7 Qd5 22. Re2 Nc4 23. Qxa7 $16) (18... Ne7 {is safer,
but slightly passive.} 19. Be5 $14 (19. Qxc7 $2 Qf5 {[%cal Ge7d5]})) 19. Qxc7
$1 {This move required some very precise calculation. We have seen Topalov's
queen infiltrating herself to the same dangerous looking area of the board in
the game Topalov,V (2783)-Carlsen,M (2690)/Morelia/Linares 2007/CBM 117 [Marin]
(1/2-1/2, 25), when the courageous incursion led to a forced draw by
repetition.} Qd5 20. Rbe1 $14 {It would be redundant to attach an exclamation
mark to this natural move, but we shall see that it is absolutely necessary in
order to keep troubles away from the queen.} Nc4 ({Topalov's fine point is that
} 20... Rd7 {fails to trap the queen because of the unexpected} 21. Qc8 $3 $16
{threatening Re8 and preparing the queen evacuation through a6 if necessary.}
Rxc8 $2 {is impossible, of course, because of} 22. Re8+ Rxe8 23. Rxe8#) 21.
Qxa7 $4 $19 {Having won the battle of principle in the phase of transition
from the opening to the middlegame, Topalov lets be himself carried away by
euphoria, caused by the false sensation that the queen is invulnerable.} ({
White had several reasonable moves here, but I would prefer} 21. Bg5 $5 {
, getting rid of the potentially "bad" bishop and weakening the defence of the
enemy kingside.} Bxg5 22. Nxg5 h6 (22... Qxg5 23. Qxc4 $16) (22... Nd6 23. Re5
Qxa2 24. Re7 $16 {[%csl Ra7,Rg7,Rh7][%cal Gg5e6]} Qc2 $6 {[%csl Gh7]} 25. Nxf7
$1) 23. Nf3 Nd6 24. R4e3 Qxa2 25. Ne5 $14 {Black has reestablished the
material equality, but White's position remains more active. After a further
knight move to c6, Black will be very passive.}) 21... Ra8 22. Qc7 Bd8 {
What could he have missed when he captured on a7? It is curious that this is
not the first game in which Topalov allowed Judit to trap one of his pieces.
At Wijk aan Zee in 2005, he played a suicidal e2-e3, leaving the f4-bishop
without an escape after ...g6-g5.} 23. Re5 Bxc7 24. Rxd5 Bxf4 {White will get
some vague saving chances if he could manage to drive the enemy bishop to a
passive position and exchange the wonderful c4-knight. However, this will be
tactically impossible, as we shall see.} 25. Re2 (25. g3 Bd2 $1 {forces White
give his knight away for the bishop, leaving the black knight unchallenged
master of the weak queenside squares.}) 25... Ra3 26. Rc2 (26. g3 Rxc3 $1 $19 {
[%csl Gf3]}) 26... Rfa8 27. Kf1 (27. g3 Bxg3 $1 28. fxg3 Ne3 $19 {On three
consecutive moves, the advance of the g-pawn has been impossible for three
different reasons!}) 27... Kf8 28. Ke2 Rxa2 29. Rxa2 Rxa2+ 30. Kd3 Nd2 31. Ne5
Bxe5 32. Rxe5 Nb3 (32... Nf1 $2 33. Re2 $1 {[%csl Rf1]}) 33. c4 Na5 34. c5 Nc6
0-1